<?xml version="1.0" encoding="UTF-8"?>
<record
    xmlns:xsi="http://www.w3.org/2001/XMLSchema-instance"
    xsi:schemaLocation="http://www.loc.gov/MARC21/slim http://www.loc.gov/standards/marcxml/schema/MARC21slim.xsd"
    xmlns="http://www.loc.gov/MARC21/slim">

  <leader>00850nam a2200253 a 4500</leader>
  <controlfield tag="001">1201</controlfield>
  <controlfield tag="003">BR-CuiBMT</controlfield>
  <controlfield tag="005">20231201001141.0</controlfield>
  <controlfield tag="008">231201s2008    prba          001 0 por d</controlfield>
  <datafield tag="040" ind1=" " ind2=" ">
    <subfield code="a">BR-CuiBMT</subfield>
    <subfield code="c">BR-CuiBMT</subfield>
  </datafield>
  <datafield tag="080" ind1=" " ind2=" ">
    <subfield code="2">2007</subfield>
    <subfield code="a">351.712</subfield>
    <subfield code="x">(81)</subfield>
  </datafield>
  <datafield tag="090" ind1=" " ind2=" ">
    <subfield code="a">351.712(81)</subfield>
    <subfield code="b">L514</subfield>
    <subfield code="c">5. ed.</subfield>
  </datafield>
  <datafield tag="245" ind1="1" ind2=" ">
    <subfield code="a">Legisla&#xE7;&#xE3;o atualizada :</subfield>
    <subfield code="b">licita&#xE7;&#xF5;es, preg&#xE3;o presencial e eletr&#xF4;nico, leis complementares /</subfield>
    <subfield code="c">Jair Eduardo Santana, Fernanda Andrade, organizadores.</subfield>
  </datafield>
  <datafield tag="250" ind1=" " ind2=" ">
    <subfield code="a">5. ed.</subfield>
  </datafield>
  <datafield tag="260" ind1=" " ind2=" ">
    <subfield code="a">Curitiba :</subfield>
    <subfield code="b">Neg&#xF3;cios P&#xFA;blicos,</subfield>
    <subfield code="c">2008.</subfield>
  </datafield>
  <datafield tag="300" ind1=" " ind2=" ">
    <subfield code="a">160 p.:</subfield>
    <subfield code="b">il.</subfield>
    <subfield code="c">24 cm</subfield>
  </datafield>
  <datafield tag="504" ind1=" " ind2=" ">
    <subfield code="a">Inclui bibliografia.</subfield>
  </datafield>
  <datafield tag="650" ind1=" " ind2=" ">
    <subfield code="a">Licita&#xE7;&#xE3;o p&#xFA;blica</subfield>
    <subfield code="z">Brasil</subfield>
  </datafield>
  <datafield tag="650" ind1=" " ind2=" ">
    <subfield code="a">Preg&#xE3;o </subfield>
    <subfield code="x">licita&#xE7;&#xE3;o p&#xFA;blica</subfield>
  </datafield>
  <datafield tag="650" ind1=" " ind2=" ">
    <subfield code="a">Direito administrativo</subfield>
  </datafield>
  <datafield tag="700" ind1=" " ind2=" ">
    <subfield code="4">org.</subfield>
    <subfield code="a">Santana, Jair Eduardo </subfield>
  </datafield>
  <datafield tag="700" ind1=" " ind2=" ">
    <subfield code="4">org.</subfield>
    <subfield code="a">Andrade, Fernanda</subfield>
  </datafield>
  <datafield tag="942" ind1=" " ind2=" ">
    <subfield code="2">udc</subfield>
    <subfield code="c">LV</subfield>
  </datafield>
  <datafield tag="952" ind1=" " ind2=" ">
    <subfield code="0">0</subfield>
    <subfield code="1">0</subfield>
    <subfield code="2">udc</subfield>
    <subfield code="4">0</subfield>
    <subfield code="7">0</subfield>
    <subfield code="a">BIBTCEMT</subfield>
    <subfield code="b">BIBTCEMT</subfield>
    <subfield code="d">2018-10-17</subfield>
    <subfield code="l">0</subfield>
    <subfield code="o">351.712(81) L514</subfield>
    <subfield code="p">BIBTCEMT23120002</subfield>
    <subfield code="r">2023-12-01</subfield>
    <subfield code="t">Ex. 1</subfield>
    <subfield code="w">2023-12-01</subfield>
    <subfield code="y">LV</subfield>
  </datafield>
  <datafield tag="999" ind1=" " ind2=" ">
    <subfield code="c">1201</subfield>
    <subfield code="d">1201</subfield>
  </datafield>
</record>
